Principia iuris. : teoría del derecho y de la democracia. 1.Teoría del derecho /

Guardado en:
Autor Principal: Ferrajoli, Luigi
Otros Autores: Ibáñez, Perfecto Andrés, (trad.), Bayón, Carlos, (trad.), Gascón, Marina, (trad.), Prieto Sanchís, Luis, (trad.), Ruiz Miguel, Alfonso, (trad.)
Formato: Desconocido
Idioma:Spanish
Publicado: Madrid : Trotta, 2011.
Edición:1a. ed.
Series:Colección Estructuras y Procesos Serie Derecho
Materias:
Etiquetas: Agregar Etiqueta
Sin Etiquetas, Sea el primero en etiquetar este registro!
LEADER 00903nac a22002415a 4500
001 DER.der011284
008 180615s2011####sp#||||||||||||||#||spa||
005 20251111135735.0
245 1 0 |a Principia iuris. :  |b teoría del derecho y de la democracia. 1.Teoría del derecho /  |c Luigi Ferrajoli. 
250 |a 1a. ed. 
260 |a Madrid :  |b Trotta,  |c 2011. 
300 |a 676 p. 
440 0 |a Colección Estructuras y Procesos  |p Serie Derecho 
500 |a Título original: Principia iuris. Teoria del diritto e della democrazia. 2. Teoria della democrazia 
020 |a 9788498791754 
100 1 |a Ferrajoli, Luigi 
700 1 |a Ibáñez, Perfecto Andrés,  |e trad. 
700 1 |a Bayón, Carlos,  |e trad. 
700 1 |a Gascón, Marina,  |e trad. 
700 1 |a Prieto Sanchís, Luis,  |e trad. 
700 1 |a Ruiz Miguel, Alfonso,  |e trad. 
650 7 |a DERECHO CONSTITUCIONAL 
859 |a DERECHO  |b BIB. DERECHO  |h 340.1  |i FER  |p 006663